| 000 | 00843cam a22002775a 4500 | ||
|---|---|---|---|
| 001 | 14403959 | ||
| 003 | OSt | ||
| 005 | 20140310184504.0 | ||
| 008 | 060607s2007 pau 000 0 eng | ||
| 010 | _a 2006928783 | ||
| 020 | _a0590428055 | ||
| 040 |
_aDLC _cDLC _dDLC |
||
| 050 |
_aPZ 7 _b.W721 1990 |
||
| 100 | 1 |
_aWilliams, Margery. _928872 |
|
| 245 | 1 | 4 |
_aThe velveteen rabbit / _cMargery Williams; illustrated by Elizabeth Miles |
| 260 |
_aNew York, NY : _bScholastic Inc., _c1990. |
||
| 263 | _a0701 | ||
| 300 |
_a16 p. : _bill. (some col.) ; _c20 cm. |
||
| 521 | _aG6 | ||
| 526 | _c820 | ||
| 541 | _j1 | ||
| 856 | 4 | 2 |
_3Publisher description _uhttp://www.loc.gov/catdir/enhancements/fy0830/2006928783-d.html |
| 906 |
_a0 _bibc _corignew _d2 _eepcn _f20 _gy-gencatlg |
||
| 942 |
_2lcc _cBK-SCHOLAS |
||
| 999 |
_c34810 _d34810 |
||